1415 1098 1937 1079 1473 1311 1205 1935 1960 1889 1368 1731 1545 1333 1598 1739 1112 1291 1649 1095 1133 1142 1979 1066 1250 1241 1237 1481 1719 1678 1297 1329 1253 1458 1990 1024 1961 1463 1243 1876 1485 1112 1089 1504 1408 1123 1598 1115 1072 1754 1126 1186 1945 1026 1178 1682 1018 1386 1389 1916 1072 1502 1492 1522 1189 1627 1054 1404 1461 1188 1332 1304 1665 1459 1581 1850 1413 1324 1969 1469 1123 1474 1909 1177 1308 1009 1235 1992 1003 1953 1825 1238 1154 1143 1409 1280 1709 1710 1633 BCNSPRNW ULIB Ver.6.0+V

เปลี่ยนเป็นภาษาไทย

Change to English
 แสดงรายละเอียดบรรณานุกรม
  กลับหน้าหลัก

Brief Record : Get Marc (ISO 2709) : E-mail record : QR code < ปิดหน้าต่าง
LEADER : 00000nam 2200000uu 4500
001    13399120968
003     ULIB
008    020711s2551 th a 000 0 tha d
020    9789747784565
060    WK810 ส257
100    Reader's Digest
245    หยุดยั้งและควบคุมเบาหวาน
250    พิมพ์ครั้งที่ 1
260    กรุงเทพฯ :^bรีดเดอร์ส์,^c2551
300    288 หน้า
945    ^p0^l0^i16556
999    ^aทศพร เกษรทอง
รายการนี้ยังไม่มีแท็ก
คุณยังไม่ได้ล็อกอิน คุณสามารถมีกิจกรรมร่วมกับเว็บไซต์ได้ แต่ต้องล็อกอินก่อน ::
  ล็อกอิน

รายการสื่อสารสนเทศ

ลำดับที่ ประเภท เลขเรียก/บาร์โค้ด สถานที่ สถานะ
- ไม่พบข้อมูล -

BibComment


ยังไม่เคยถูกคอมเมนท์

คอมเมนท์ทรัพยากรรายการนี้
  คอมเมนท์: หยุดยั้งและควบคุม..


 Copyright 2026. Bcnsprnw @Library